[Event "Titled Tuesday intern op 06th Jun Late"]
[Site "Chess.com INT"]
[Date "2023.06.06"]
[Round "1"]
[White "Li, Ruifeng"]
[Black "Bornholdt, Joa Max"]
[Result "1-0"]
[WhiteElo "2541"]
[BlackElo "2260"]
[PlyCount "159"]
[EventDate "2023.06.06"]
[EventType "swiss (blitz)"]
[EventRounds "11"]
[EventCountry "USA"]
[SourceTitle "EXT 2024"]
[Source "ChessBase"]
[SourceDate "2023.10.10"]
[SourceVersion "1"]
[SourceVersionDate "2023.10.10"]
[SourceQuality "1"]

1. b3 e5 2. Bb2 Nc6 3. Nf3 e4 4. Nd4 Nf6 5. e3 d5 6. Nxc6 bxc6 7. d3 Bd6 8. Nd2 Qe7 9. dxe4 Nxe4 10. Nxe4 Qxe4 11. Qd3 Bf5 12. Qxe4+ Bxe4 13. 0-0-0 0-0 14. Bd3 Rfe8 15. h3 f6 16. Bxe4 Rxe4 17. Rd4 Rae8 18. Rhd1 Kf7 19. c4 dxc4 20. Rxc4 Rxc4+ 21. bxc4 c5 22. Kc2 Rb8 23. Bc3 Ke6 24. Rb1 Rb6 25. Rb3 Ra6 26. Kb2 Rb6 27. Kc2 Ra6 28. a3 Rb6 29. Ba5 Ra6 30. Bd2 Rb6 31. a4 Ke5 32. a5 Rxb3 33. Kxb3 Ke4 34. Kc2 h5 35. f3+ Ke5 36. a6 c6 37. Ba5 Bb8 38. Kd3 g6 39. g4 hxg4 40. hxg4 Ke6 41. e4 Ke5 42. Bc3+ Ke6 43. Ke3 g5 44. Ke2 Bf4 45. Bd2 Be5 46. Be3 Bd4 47. Kd3 Ke5 48. Bd2 Ke6 49. f4 Bf2 50. fxg5 fxg5 51. Bxg5 Bg3 52. Be3 Bd6 53. Ke2 Ke5 54. Kf3 Be7 55. g5 Bf8 56. g6 Bg7 57. Bf4+ Kd4 58. Bb8 Kxc4 59. Kf4 Kb5 60. Be5 Bh6+ 61. Kf5 c4 62. g7 Bxg7 63. Bxg7 Kb4 64. e5 c3 65. e6 c2 66. Bh6 Kc3 67. e7 Kb2 68. e8Q c5 69. Qb5+ Ka2 70. Qxc5 Kb2 71. Qb4+ Ka2 72. Qc4+ Kb2 73. Bg7+ Kb1 74. Qb3+ Kc1 75. Bh6+ Kd1 76. Qd3+ Ke1 77. Qxc2 Kf1 78. Be3 Ke1 79. Qd2+ Kf1 80. Qf2# 1-0

[Event "Titled Tuesday intern op 04th Apr Late"]
[Site "Chess.com INT"]
[Date "2023.04.04"]
[Round "3"]
[White "Li, Ruifeng"]
[Black "Dudzinski, Pawel"]
[Result "1-0"]
[WhiteElo "2541"]
[BlackElo "2186"]
[PlyCount "79"]
[EventDate "2023.04.04"]
[EventType "swiss (blitz)"]
[EventRounds "11"]
[EventCountry "USA"]
[SourceTitle "EXT 2024"]
[Source "ChessBase"]
[SourceDate "2023.10.10"]
[SourceVersion "1"]
[SourceVersionDate "2023.10.10"]
[SourceQuality "1"]

1. b3 e5 2. Bb2 Nc6 3. e3 g6 4. Nf3 Bg7 5. d4 exd4 6. Nxd4 Nxd4 7. Bxd4 Bxd4 8. Qxd4 Qf6 9. Qxf6 Nxf6 10. c4 d5 11. Nc3 Be6 12. Nb5 Kd7 13. cxd5 Bxd5 14. 0-0-0 c6 15. Nc3 Kc7 16. Nxd5+ Nxd5 17. Bc4 Rad8 18. Bxd5 Rxd5 19. Rxd5 cxd5 20. Kd2 Kd7 21. Rc1 Rc8 22. Rxc8 Kxc8 23. Kd3 Kd7 24. Kd4 Kd6 25. h4 h5 26. f3 f5 27. a3 b6 28. b4 Ke6 29. a4 Kd6 30. a5 Ke6 31. axb6 axb6 32. e4 dxe4 33. fxe4 fxe4 34. Kxe4 Kd6 35. Kd4 Ke6 36. Kc4 Kd6 37. Kb5 Kc7 38. Ka6 Kc6 39. b5+ Kc5 40. g3 1-0

[Event "Titled Tuesday intern op 04th Apr Late"]
[Site "Chess.com INT"]
[Date "2023.04.04"]
[Round "8"]
[White "Li, Ruifeng"]
[Black "Matinian, Nikita"]
[Result "1/2-1/2"]
[WhiteElo "2541"]
[BlackElo "2407"]
[PlyCount "105"]
[EventDate "2023.04.04"]
[EventType "swiss (blitz)"]
[EventRounds "11"]
[EventCountry "USA"]
[SourceTitle "EXT 2024"]
[Source "ChessBase"]
[SourceDate "2023.10.10"]
[SourceVersion "1"]
[SourceVersionDate "2023.10.10"]
[SourceQuality "1"]

1. b3 g6 2. Bb2 Nf6 3. g4 Bg7 4. g5 Nh5 5. Bxg7 Nxg7 6. d4 c5 7. Nf3 cxd4 8. Qxd4 0-0 9. Bg2 Nc6 10. Qd2 d5 11. Nc3 d4 12. Ne4 Bf5 13. Ng3 Rc8 14. 0-0 e5 15. Rfd1 Qb6 16. Nh4 Nb4 17. Nhxf5 Nxf5 18. Be4 Nxg3 19. hxg3 Rc3 20. Kg2 f5 21. gxf6 Qxf6 22. Rf1 Rfc8 23. Bxb7 R8c7 24. Be4 Nxc2 25. Rac1 Nb4 26. a3 Na6 27. b4 Nb8 28. Rxc3 Rxc3 29. Rc1 Rxc1 30. Qxc1 Qd6 31. Qc8+ Kg7 32. Qb7+ Kh6 33. Qxa7 Nd7 34. Qb7 Nf6 35. Qc6 Qe7 36. Qb7 Qe6 37. a4 Qg4 38. Bf3 Qf5 39. a5 e4 40. a6 d3 41. a7 exf3+ 42. exf3 d2 43. a8Q d1Q 44. Qf8+ Kg5 45. f4+ Kh5 46. Qfe7 Qfd5+ 47. Qxd5+ Qxd5+ 48. Kh2 Ng4+ 49. Kg1 Qd1+ 50. Kg2 Qd5+ 51. Kg1 Qd1+ 52. Kg2 Qd5+ 53. Kg1 1/2-1/2

[Event "Titled Tuesday intern op 04th Apr Late"]
[Site "Chess.com INT"]
[Date "2023.04.04"]
[Round "1"]
[White "Li, Ruifeng"]
[Black "Prydun, Andriy"]
[Result "1-0"]
[WhiteElo "2541"]
[BlackElo "2134"]
[PlyCount "39"]
[EventDate "2023.04.04"]
[EventType "swiss (blitz)"]
[EventRounds "11"]
[EventCountry "USA"]
[SourceTitle "EXT 2024"]
[Source "ChessBase"]
[SourceDate "2023.10.10"]
[SourceVersion "1"]
[SourceVersionDate "2023.10.10"]
[SourceQuality "1"]

1. b3 Nf6 2. Bb2 d6 3. e3 g6 4. Bxf6 exf6 5. d4 d5 6. c4 dxc4 7. Bxc4 Bd6 8. Nf3 0-0 9. 0-0 Bg4 10. h3 Bd7 11. Nc3 Nc6 12. Rc1 Re8 13. Nb5 Bf8 14. Re1 a6 15. Nc3 Ba3 16. Rc2 Bb4 17. Qc1 Qe7 18. Rd1 Qf8 19. Nd5 Bd6 20. Nxf6+ 1-0

[Event "Titled Tuesday intern op 04th Apr Late"]
[Site "Chess.com INT"]
[Date "2023.04.04"]
[Round "2"]
[White "Ozates, Tuna"]
[Black "Li, Ruifeng"]
[Result "1-0"]
[WhiteElo "2251"]
[BlackElo "2541"]
[PlyCount "79"]
[EventDate "2023.04.04"]
[EventType "swiss (blitz)"]
[EventRounds "11"]
[EventCountry "USA"]
[SourceTitle "EXT 2024"]
[Source "ChessBase"]
[SourceDate "2023.10.10"]
[SourceVersion "1"]
[SourceVersionDate "2023.10.10"]
[SourceQuality "1"]

1. e4 d6 2. d4 Nf6 3. Nc3 Nc6 4. f3 e5 5. Nge2 a6 6. a4 g6 7. Be3 exd4 8. Nxd4 Bg7 9. Bc4 0-0 10. 0-0 Ne5 11. Ba2 Bd7 12. Qd2 Re8 13. a5 h5 14. Bg5 Qc8 15. Rae1 Qb8 16. f4 Qa7 17. Kh1 Nc6 18. Nxc6 Bxc6 19. f5 Nxe4 20. Nxe4 Bxe4 21. Bxf7+ Kxf7 22. Rxe4 Qc5 23. Ref4 Kg8 24. f6 Qxg5 25. fxg7 Qe7 26. Qd5+ Kh7 27. g8Q+ Rxg8 28. Rf7+ Rg7 29. Rxe7 Rxe7 30. Rf7+ Rxf7 31. Qxf7+ Kh6 32. h4 Rc8 33. Qd7 Rf8 34. Qxc7 Rf4 35. g3 Rf2 36. Qxb7 Rxc2 37. Qxa6 d5 38. Qd3 Rxb2 39. Qxd5 Ra2 40. Qxa2 1-0

[Event "Titled Tuesday intern op 04th Apr Late"]
[Site "Chess.com INT"]
[Date "2023.04.04"]
[Round "6"]
[White "Papasimakopoulos, Alexandros"]
[Black "Li, Ruifeng"]
[Result "0-1"]
[WhiteElo "2374"]
[BlackElo "2541"]
[PlyCount "72"]
[EventDate "2023.04.04"]
[EventType "swiss (blitz)"]
[EventRounds "11"]
[EventCountry "USA"]
[SourceTitle "EXT 2024"]
[Source "ChessBase"]
[SourceDate "2023.10.10"]
[SourceVersion "1"]
[SourceVersionDate "2023.10.10"]
[SourceQuality "1"]

1. d4 e6 2. c4 b6 3. e4 Bb7 4. Bd3 d6 5. Nc3 Nd7 6. Nf3 h6 7. 0-0 g5 8. Re1 Bg7 9. Be3 g4 10. Nd2 h5 11. f4 gxf3 12. Nxf3 Ngf6 13. Bg5 e5 14. d5 Bh6 15. Bxh6 Rxh6 16. Qd2 Rh8 17. Bc2 h4 18. Rf1 Nh5 19. Ne2 Qe7 20. Qg5 Qxg5 21. Nxg5 Ndf6 22. Rf3 Ke7 23. Raf1 Rag8 24. Nh3 Bc8 25. Nf2 Rh7 26. Nd1 Rhg7 27. Ne3 Ng4 28. Nxg4 Bxg4 29. R3f2 Bxe2 30. Rxe2 Nf4 31. Rxf4 exf4 32. Kf1 f3 33. gxf3 Rg1+ 34. Kf2 R8g2+ 35. Ke3 Rxe2+ 36. Kxe2 Rg2+ 0-1

[Event "Titled Tuesday intern op 21st Mar Late"]
[Site "Chess.com INT"]
[Date "2023.03.21"]
[Round "7"]
[White "Li, Ruifeng"]
[Black "Naroditsky, Daniel"]
[Result "1-0"]
[WhiteElo "2541"]
[BlackElo "2618"]
[PlyCount "47"]
[EventDate "2023.03.21"]
[EventType "swiss (blitz)"]
[EventRounds "11"]
[EventCountry "USA"]
[SourceTitle "EXT 2024"]
[Source "ChessBase"]
[SourceDate "2023.10.10"]
[SourceVersion "1"]
[SourceVersionDate "2023.10.10"]
[SourceQuality "1"]

1. b3 b5 2. Bb2 Bb7 3. Nf3 Nf6 4. e3 a6 5. c4 b4 6. d4 e6 7. Bd3 Be7 8. g4 Ne4 9. Rg1 0-0 10. Nbd2 Nxd2 11. Nxd2 c5 12. dxc5 Qc7 13. Qc2 h6 14. 0-0-0 a5 15. f4 a4 16. g5 h5 17. Rg3 axb3 18. axb3 Rc8 19. Rh3 Na6 20. Rxh5 Nxc5 21. Be2 Bd6 22. Qh7+ Kf8 23. Qxg7+ Ke8 24. Rh8+ 1-0

[Event "Titled Tuesday intern op 21st Mar Late"]
[Site "Chess.com INT"]
[Date "2023.03.21"]
[Round "2"]
[White "Li, Ruifeng"]
[Black "Szyszylo, Rafal"]
[Result "1-0"]
[WhiteElo "2541"]
[BlackElo "2081"]
[PlyCount "45"]
[EventDate "2023.03.21"]
[EventType "swiss (blitz)"]
[EventRounds "11"]
[EventCountry "USA"]
[SourceTitle "EXT 2024"]
[Source "ChessBase"]
[SourceDate "2023.10.10"]
[SourceVersion "1"]
[SourceVersionDate "2023.10.10"]
[SourceQuality "1"]

1. b3 d6 2. Bb2 Nd7 3. d4 Ngf6 4. Nf3 g6 5. e3 Bg7 6. Bc4 0-0 7. 0-0 Re8 8. a4 a5 9. Na3 c6 10. Re1 Qc7 11. e4 e5 12. dxe5 Nxe5 13. Nxe5 dxe5 14. h3 Nh5 15. Qf3 Nf4 16. Rad1 Bd7 17. Kh2 Rad8 18. g3 Nxh3 19. Bxf7+ Kh8 20. Bxe8 Rxe8 21. Qf7 Qb6 22. Rxd7 Qxf2+ 23. Kxh3 1-0

[Event "Titled Tuesday intern op 7th Mar Late"]
[Site "Chess.com INT"]
[Date "2023.03.07"]
[Round "2"]
[White "Li, Ruifeng"]
[Black "Krallis, Christos"]
[Result "0-1"]
[WhiteElo "2541"]
[BlackElo "2339"]
[PlyCount "58"]
[EventDate "2023.03.07"]
[EventType "swiss (blitz)"]
[EventRounds "11"]
[EventCountry "USA"]
[SourceTitle "EXT 2024"]
[Source "ChessBase"]
[SourceDate "2023.10.10"]
[SourceVersion "1"]
[SourceVersionDate "2023.10.10"]
[SourceQuality "1"]

1. b3 c5 2. Bb2 Nc6 3. Nf3 Nf6 4. e3 e6 5. d4 cxd4 6. exd4 b6 7. Bd3 Bb7 8. a3 d5 9. 0-0 Bd6 10. Nbd2 0-0 11. Ne5 Rc8 12. f4 Ne7 13. Qe2 Bb8 14. Rae1 Nf5 15. Kh1 Nd6 16. c4 Nde4 17. f5 exf5 18. Rxf5 g6 19. Rff1 Nxd2 20. Qxd2 Nh5 21. Qf2 f6 22. Ng4 Nf4 23. Bc2 dxc4 24. Ne3 c3 25. Bc1 Qxd4 26. Rd1 Qe5 27. Kg1 Ne2+ 28. Qxe2 Qxh2+ 29. Kf2 Bg3# 0-1

[Event "Titled Tuesday intern op 21st Feb Late"]
[Site "Chess.com INT"]
[Date "2023.02.21"]
[Round "4"]
[White "Hnydiuk, Aleksander"]
[Black "Li, Ruifeng"]
[Result "0-1"]
[WhiteElo "2364"]
[BlackElo "2541"]
[PlyCount "44"]
[EventDate "2023.02.21"]
[EventType "swiss (blitz)"]
[EventRounds "11"]
[EventCountry "USA"]
[SourceTitle "CBM 212 Extra"]
[Source "ChessBase"]
[SourceDate "2023.03.31"]
[SourceVersion "1"]
[SourceVersionDate "2023.03.31"]
[SourceQuality "1"]

1. d4 b6 2. e4 Bb7 3. Bd3 e6 4. Nf3 d6 5. 0-0 Nd7 6. a4 a6 7. c4 h6 8. Nc3 g5 9. a5 Bg7 10. axb6 cxb6 11. Re1 g4 12. Nd2 Bxd4 13. Qxg4 Ne5 14. Qe2 Qh4 15. Nf3 Bxf2+ 16. Qxf2 Qxf2+ 17. Kxf2 Nxd3+ 18. Kf1 Nxe1 19. Kxe1 Nf6 20. Nd2 Rg8 21. Kf2 Ng4+ 22. Ke2 Nxh2 0-1

[Event "Titled Tuesday intern op 21st Feb Late"]
[Site "Chess.com INT"]
[Date "2023.02.21"]
[Round "7"]
[White "Li, Ruifeng"]
[Black "Bortnyk, Olexandr"]
[Result "0-1"]
[WhiteElo "2541"]
[BlackElo "2605"]
[PlyCount "170"]
[EventDate "2023.02.21"]
[EventType "swiss (blitz)"]
[EventRounds "11"]
[EventCountry "USA"]
[SourceTitle "CBM 212 Extra"]
[Source "ChessBase"]
[SourceDate "2023.03.31"]
[SourceVersion "1"]
[SourceVersionDate "2023.03.31"]
[SourceQuality "1"]

1. b3 d5 2. Bb2 Bf5 3. g3 e6 4. Bg2 Nf6 5. d3 h6 6. Nd2 Be7 7. e4 Bh7 8. Ne2 0-0 9. 0-0 a5 10. a4 Na6 11. Nf4 Nb4 12. Re1 c5 13. Rc1 Na2 14. Ra1 Nb4 15. Rc1 Rc8 16. exd5 exd5 17. Qf3 Re8 18. h4 b6 19. Bh3 Rb8 20. Re2 Bf8 21. Rxe8 Nxe8 22. Nf1 c4 23. dxc4 dxc4 24. bxc4 Bxc2 25. Ne3 Bxa4 26. Ned5 Nxd5 27. cxd5 Qd6 28. Ne6 Be7 29. Nxg7 Nxg7 30. Qg4 Bf6 31. Bxf6 Qxf6 32. Qxa4 Qe5 33. Rd1 Rd8 34. Qc6 Qd6 35. Qb7 a4 36. Bf1 a3 37. Bc4 Qb4 38. Rd4 a2 39. Bxa2 Qxd4 40. d6 Qd1+ 41. Kh2 Qxd6 42. Qxf7+ Kh8 43. Bb1 Rf8 44. Qa2 Qf6 45. Kg1 Qc3 46. Kg2 Qc6+ 47. Kg1 b5 48. Qd2 Qf6 49. Be4 Qe5 50. Qxh6+ Kg8 51. Qh7+ Kf7 52. Qg6+ Ke7 53. h5 b4 54. h6 Ne6 55. h7 Qd4 56. Bf5 Qf6 57. Qg4 b3 58. Qb4+ Kf7 59. Bxe6+ Kxe6 60. Qxb3+ Kf5 61. Qf3+ Kg6 62. Qe4+ Kg7 63. Qb7+ Kh8 64. Qg2 Kxh7 65. Qh3+ Kg7 66. Qg4+ Qg6 67. Qd4+ Qf6 68. Qe3 Rf7 69. Qc5 Qa1+ 70. Kg2 Qf6 71. Qe3 Re7 72. Qd2 Qe5 73. Kh2 Qh5+ 74. Kg2 Qe5 75. Kh2 Re6 76. Qd3 Qh5+ 77. Kg2 Qe5 78. Kh2 Qe2 79. Qc3+ Kg6 80. Qc5 Qh5+ 81. Qxh5+ Kxh5 82. Kg2 Re2 83. Kf3 Ra2 84. Kf4 Rxf2+ 85. Ke5 Rf8 0-1

[Event "Titled Tuesday intern op 14th Feb Late"]
[Site "Chess.com INT"]
[Date "2023.02.14"]
[Round "4"]
[White "Fedoseev, Vladimir1111"]
[Black "Li, Ruifeng"]
[Result "0-1"]
[WhiteElo "2674"]
[BlackElo "2541"]
[PlyCount "52"]
[EventDate "2023.02.14"]
[EventType "swiss (blitz)"]
[EventRounds "11"]
[EventCountry "USA"]
[SourceTitle "CBM 212 Extra"]
[Source "ChessBase"]
[SourceDate "2023.03.31"]
[SourceVersion "1"]
[SourceVersionDate "2023.03.31"]
[SourceQuality "1"]

1. e4 d6 2. d4 Nf6 3. Nc3 Nc6 4. Bg5 e5 5. dxe5 Nxe5 6. f4 Ng6 7. f5 Ne5 8. Nf3 h6 9. Bf4 Nfd7 10. Qd2 Be7 11. 0-0-0 c6 12. Kb1 Qa5 13. Nd4 b5 14. f6 b4 15. fxg7 Rg8 16. Nce2 Rxg7 17. Nf5 Rg6 18. Nxe7 Kxe7 19. Nd4 Nc5 20. Bxe5 dxe5 21. Nf5+ Bxf5 22. exf5 Rf6 23. Qe3 Na4 24. Bc4 Qc5 25. Qd3 Nb6 26. Ba6 Kf8 0-1

[Event "Titled Tuesday intern op 14th Feb Late"]
[Site "Chess.com INT"]
[Date "2023.02.14"]
[Round "7"]
[White "Sanal, Vahap"]
[Black "Li, Ruifeng"]
[Result "1-0"]
[WhiteElo "2590"]
[BlackElo "2541"]
[PlyCount "145"]
[EventDate "2023.02.14"]
[EventType "swiss (blitz)"]
[EventRounds "11"]
[EventCountry "USA"]
[SourceTitle "CBM 212 Extra"]
[Source "ChessBase"]
[SourceDate "2023.03.31"]
[SourceVersion "1"]
[SourceVersionDate "2023.03.31"]
[SourceQuality "1"]

1. Nf3 d6 2. d4 g6 3. e4 Bg7 4. Nc3 Nf6 5. h3 Nc6 6. d5 Nb8 7. Bc4 0-0 8. 0-0 c6 9. a4 b6 10. Re1 Bb7 11. Bg5 Nbd7 12. Qd2 a6 13. Bh6 b5 14. Bxg7 Kxg7 15. dxc6 Bxc6 16. axb5 axb5 17. Rxa8 Qxa8 18. Bxb5 Bxb5 19. Nxb5 Nxe4 20. Qd4+ Ndf6 21. c4 Qc6 22. b3 Ra8 23. Nd2 e5 24. Qe3 Nxd2 25. Qxd2 d5 26. Rxe5 dxc4 27. bxc4 Qxc4 28. Nd6 Ra1+ 29. Kh2 Qh4 30. Rg5 Kf8 31. Nf5 gxf5 32. Qd8+ Ne8 33. Rg8+ Kxg8 34. Qxh4 Ra8 35. Qg5+ Ng7 36. h4 h5 37. Qf6 Re8 38. Qb2 Re6 39. f3 Kh7 40. Kg3 Kg6 41. Qc1 f6 42. Kf2 Re8 43. Qc2 Kf7 44. Qc6 Re6 45. Qa4 Re7 46. Qc4+ Re6 47. Qb3 Kg6 48. Qb7 Re8 49. Qb1 Re6 50. g4 Re5 51. gxh5+ Nxh5 52. Qb8 f4 53. Qg8+ Kh6 54. Qc8 Kg6 55. Qc2+ Kh6 56. Qb1 Kg7 57. Kg2 Kh6 58. Kh3 Re7 59. Qb8 Re5 60. Qh8+ Kg6 61. Kg4 Ng7 62. Qg8 Kh6 63. Kxf4 Nh5+ 64. Kg4 Ng7 65. f4 Ra5 66. Qh8+ Kg6 67. Qc8 f5+ 68. Kg3 Ra3+ 69. Kg2 Re3 70. Qc6+ Kh5 71. Qf6 Re2+ 72. Kf3 Rh2 73. Qg5# 1-0

[Event "Speed Chess Q1"]
[Site "Chess.com INT"]
[Date "2022.11.10"]
[Round "5"]
[White "Rustemov, Alexander"]
[Black "Li, Ruifeng"]
[Result "1-0"]
[WhiteElo "2525"]
[BlackElo "2541"]
[PlyCount "111"]
[EventDate "2022.11.10"]
[EventType "swiss (blitz)"]
[EventRounds "14"]
[EventCountry "USA"]
[SourceTitle "CBM 211 Extra"]
[Source "ChessBase"]
[SourceDate "2023.01.31"]
[SourceVersion "1"]
[SourceVersionDate "2023.01.31"]
[SourceQuality "1"]

1. d4 d5 2. c4 c6 3. Nc3 Nf6 4. e3 e6 5. Nf3 Nbd7 6. Qc2 Bd6 7. Bd2 0-0 8. 0-0-0 e5 9. cxd5 cxd5 10. Nb5 Bb8 11. dxe5 Nxe5 12. Bc3 Ng6 13. Kb1 a6 14. Nbd4 Ne4 15. Bd3 Qe7 16. Rc1 Bd7 17. h4 h6 18. h5 Nxc3+ 19. Qxc3 Ne5 20. Bf5 Bd6 21. Bxd7 Qxd7 22. Qc2 Nxf3 23. gxf3 Be5 24. Qf5 Qd6 25. Rhd1 Rfd8 26. Rd2 Bf6 27. Rcd1 a5 28. Qd3 Qe5 29. Qf5 Qd6 30. Rc1 a4 31. a3 Qb6 32. Rc3 Qa6 33. Qd3 Qb6 34. f4 Qd6 35. Qb5 Rac8 36. Rxc8 Rxc8 37. Qxa4 Bxd4 38. Qxd4 Qa6 39. Qxd5 Qf1+ 40. Ka2 Qh3 41. Qd7 Qxd7 42. Rxd7 Rc5 43. Rxb7 Rxh5 44. a4 Ra5 45. Ka3 h5 46. b4 Ra8 47. Rc7 h4 48. b5 g6 49. Kb4 Kg7 50. b6 h3 51. Rc1 Kf6 52. a5 Ke6 53. Rh1 Rh8 54. b7 Kd6 55. Rxh3 Kc7 56. Rxh8 1-0

[Event "Titled Tuesday intern op 18th Oct Late"]
[Site "Chess.com INT"]
[Date "2022.10.18"]
[Round "4"]
[White "Deac, Bogdan Daniel"]
[Black "Li, Ruifeng"]
[Result "0-1"]
[WhiteElo "2707"]
[BlackElo "2541"]
[PlyCount "64"]
[EventDate "2022.10.18"]
[EventType "swiss (blitz)"]
[EventRounds "11"]
[EventCountry "USA"]
[SourceTitle "EXT 2024"]
[Source "ChessBase"]
[SourceDate "2023.10.10"]
[SourceVersion "1"]
[SourceVersionDate "2023.10.10"]
[SourceQuality "1"]

1. e4 d6 2. d4 Nf6 3. Nc3 Nc6 4. Nf3 g6 5. d5 Nb8 6. h3 Bg7 7. Bc4 0-0 8. 0-0 c6 9. a4 b6 10. Qe2 Bb7 11. Rd1 Qc8 12. a5 bxa5 13. Rxa5 Nbd7 14. Be3 Nb6 15. dxc6 Bxc6 16. Bd3 Qb7 17. e5 Nfd5 18. Nxd5 Nxd5 19. Ba6 Qxb2 20. Raxd5 Bxd5 21. Rxd5 dxe5 22. Rd1 Rfd8 23. Rf1 h6 24. Qc4 e6 25. Qa4 Kh7 26. g3 f5 27. Bc4 e4 28. Nh4 Qf6 29. Rb1 e5 30. Rb7 f4 31. Rf7 Qg5 32. Bc5 e3 0-1

[Event "Titled Tuesday intern op 18th Oct Late"]
[Site "Chess.com INT"]
[Date "2022.10.18"]
[Round "1"]
[White "Goncalves, Davi Sulzbacher"]
[Black "Li, Ruifeng"]
[Result "0-1"]
[WhiteElo "2282"]
[BlackElo "2541"]
[PlyCount "130"]
[EventDate "2022.10.18"]
[EventType "swiss (blitz)"]
[EventRounds "11"]
[EventCountry "USA"]
[SourceTitle "EXT 2024"]
[Source "ChessBase"]
[SourceDate "2023.10.10"]
[SourceVersion "1"]
[SourceVersionDate "2023.10.10"]
[SourceQuality "1"]

1. d4 d5 2. c4 e6 3. Nf3 Nf6 4. g3 dxc4 5. Bg2 Be7 6. 0-0 0-0 7. Ne5 c5 8. dxc5 Qc7 9. Nxc4 Bxc5 10. Nba3 Rd8 11. Bf4 Qe7 12. Qb3 Nd5 13. Rfd1 Nc6 14. Rac1 Nd4 15. Qd3 Nb4 16. Qe4 f5 17. Qe3 h6 18. Nb5 Nbc6 19. Bc7 Nxb5 20. Bxd8 Bxe3 21. Bxe7 Bxc1 22. Bxc6 bxc6 23. Rxc1 Bd7 24. Bc5 Be8 25. a4 Nc7 26. Nd6 Nd5 27. f3 a5 28. e4 fxe4 29. fxe4 Nf6 30. Bd4 Bd7 31. Kf2 Rb8 32. Ke3 Ng4+ 33. Kd3 Nxh2 34. Rc5 Nf3 35. Rxa5 e5 36. Bc3 Be6 37. Nc4 Rd8+ 38. Ke3 Nd4 39. Nxe5 Nc2+ 40. Kf2 Rf8+ 41. Kg2 Ne3+ 42. Kh2 Rf2+ 43. Kg1 Rg2+ 44. Kh1 Bh3 45. Ra8+ Kh7 46. Nd3 Ng4 47. Rf8 Rc2 48. Rf7 h5 49. Rxg7+ Kh6 50. Rf7 Re2 51. Nf4 Bg2+ 52. Kg1 Rc2 53. Nxg2 Rc1+ 54. Ne1 Rc2 55. Kf1 Ne3+ 56. Kg1 Re2 57. Rf6+ Kg5 58. Rxc6 Kg4 59. Rg6+ Kh3 60. Bd4 Ng4 61. Rxg4 Kxg4 62. Ng2 Rxe4 63. Ne3+ Kf3 64. Bb6 Rxa4 65. Nc4 Rxc4 0-1

[Event "Titled Tuesday intern op 18th Oct Late"]
[Site "Chess.com INT"]
[Date "2022.10.18"]
[Round "6"]
[White "Kanakaris, Georgios"]
[Black "Li, Ruifeng"]
[Result "1-0"]
[WhiteElo "2391"]
[BlackElo "2541"]
[PlyCount "107"]
[EventDate "2022.10.18"]
[EventType "swiss (blitz)"]
[EventRounds "11"]
[EventCountry "USA"]
[SourceTitle "EXT 2024"]
[Source "ChessBase"]
[SourceDate "2023.10.10"]
[SourceVersion "1"]
[SourceVersionDate "2023.10.10"]
[SourceQuality "1"]

1. d4 Nf6 2. Nf3 e6 3. g3 b6 4. Bg2 Bb7 5. 0-0 g6 6. c4 Bg7 7. Nc3 Ne4 8. Qc2 Nxc3 9. Qxc3 d6 10. Rd1 0-0 11. Qc2 Nc6 12. Bg5 Qc8 13. Qd2 e5 14. d5 Nb8 15. e4 a5 16. b3 Na6 17. a3 Nc5 18. Qc2 a4 19. b4 Nb3 20. Ra2 h6 21. Be3 f5 22. exf5 gxf5 23. Bh3 c6 24. Nh4 cxd5 25. cxd5 Qxc2 26. Rxc2 f4 27. Bxb6 Bc8 28. Bxc8 Rfxc8 29. Rc6 Bf8 30. gxf4 exf4 31. Ng6 Kf7 32. Nxf4 Be7 33. Rd3 Rg8+ 34. Rg3 Bh4 35. Rc7+ Kf6 36. Nh5+ Ke5 37. Rgg7 Kxd5 38. Kf1 Rae8 39. Rxg8 Nd2+ 40. Kg2 Rxg8+ 41. Kh3 Nf3 42. Rc3 Ke4 43. Re3+ Kd5 44. Rxf3 Bg5 45. Rg3 Rf8 46. f4 Bxf4 47. Rf3 Ke4 48. Rxf4+ Rxf4 49. Nxf4 Kxf4 50. Bc7 Ke5 51. b5 Kd5 52. b6 Kc6 53. Kg4 d5 54. Kf4 1-0

[Event "FIDE World Uni Blitz-A 1st"]
[Site "Tornelo INT"]
[Date "2021.03.13"]
[Round "4.2"]
[White "Antolak, Julia"]
[Black "Li, Ruifeng"]
[Result "0-1"]
[WhiteElo "2306"]
[BlackElo "2541"]
[PlyCount "126"]
[EventDate "2021.03.13"]
[EventType "swiss (blitz)"]
[EventRounds "10"]
[EventCountry "NET"]
[SourceTitle "EXT 2022"]
[Source "ChessBase"]
[SourceDate "2021.10.06"]
[SourceVersion "1"]
[SourceVersionDate "2021.10.06"]
[SourceQuality "1"]

1. e4 d6 2. d4 Nf6 3. Nc3 Nc6 4. Be3 Ng4 5. Bg5 h6 6. Bh4 g5 7. Bg3 Bg7 8. Nf3 e5 9. dxe5 Ngxe5 10. Nxe5 Nxe5 11. Be2 Be6 12. 0-0 h5 13. f4 h4 14. Be1 gxf4 15. Rxf4 Bh6 16. Rf1 Be3+ 17. Bf2 Qg5 18. Bxe3 Qxe3+ 19. Kh1 0-0-0 20. Qe1 c6 21. Qf2 Qxf2 22. Rxf2 b5 23. Raf1 Kc7 24. h3 Rdg8 25. Bf3 a5 26. a3 b4 27. axb4 axb4 28. Ne2 Bc4 29. b3 Bxe2 30. Bxe2 Rg3 31. Bc4 Nxc4 32. Rxf7+ Kb6 33. bxc4 Rc3 34. R1f2 Rxc4 35. R7f6 Rxe4 36. Rxd6 Ra8 37. Kh2 Ra2 38. Rdd2 Ra3 39. Rf3 Rxf3 40. gxf3 Rf4 41. Kg2 Kb5 42. Kf2 Kc4 43. Ke3 Rf8 44. f4 c5 45. Rf2 Kc3 46. Ke4 c4 47. f5 b3 48. cxb3 cxb3 49. Ke5 b2 50. Rf1 Kb3 51. f6 Ka2 52. Ke6 b1Q 53. Rxb1 Kxb1 54. Ke7 Rh8 55. f7 Kc2 56. f8Q Rxf8 57. Kxf8 Kd3 58. Kg7 Ke4 59. Kg6 Kf4 60. Kh5 Kg3 61. Kg5 Kxh3 62. Kf4 Kg2 63. Kg4 h3 0-1

[Event "FIDE World Uni Blitz-A 1st"]
[Site "Tornelo INT"]
[Date "2021.03.13"]
[Round "5.2"]
[White "Li, Ruifeng"]
[Black "Mitrabha, Guha"]
[Result "1-0"]
[WhiteElo "2541"]
[BlackElo "2445"]
[PlyCount "91"]
[EventDate "2021.03.13"]
[EventType "swiss (blitz)"]
[EventRounds "10"]
[EventCountry "NET"]
[SourceTitle "EXT 2022"]
[Source "ChessBase"]
[SourceDate "2021.10.06"]
[SourceVersion "1"]
[SourceVersionDate "2021.10.06"]
[SourceQuality "1"]

1. e4 c6 2. Nc3 d5 3. Nf3 dxe4 4. Nxe4 Nf6 5. Qe2 Nxe4 6. Qxe4 Be6 7. g3 Nd7 8. Bg2 Nf6 9. Qe2 Bf5 10. d4 e6 11. 0-0 Be7 12. Be3 0-0 13. c4 Be4 14. Rfd1 a6 15. Bf4 Bg6 16. h3 Qa5 17. Ne5 Rfd8 18. g4 Bd6 19. h4 h5 20. Nxg6 fxg6 21. Qxe6+ Kh7 22. Bxd6 Re8 23. Qf7 Nxg4 24. Qf3 Qd8 25. Bg3 Rf8 26. Qd3 Qf6 27. f3 Nh6 28. Bh3 Rad8 29. Kg2 c5 30. d5 Qxb2+ 31. Qd2 Qf6 32. Rf1 b5 33. Rae1 bxc4 34. d6 Rb8 35. Re2 c3 36. Qg5 Qf7 37. Rff2 Rb2 38. Rxb2 cxb2 39. Rxb2 Qxf3+ 40. Kh2 Qd3 41. Rd2 Qc3 42. d7 Nf7 43. Qd5 Nd8 44. Qd3 Qb4 45. Rg2 c4 46. Qxg6+ 1-0